000 00676nam a2200181Ia 4500
008 151202s9999||||xx |||||||||||||| ||und||
082 _bPNVM-31730
100 _aकुसुमाग्रज (शिरवाडकर वि.वा.).
245 _aबारा कथा.
260 _b"कॉन्टिनेंटल प्रकाशन,पुणे."
260 _c0
300 _a202
600 _aकुसुमाग्रज (शिरवाडकर वि.वा.).
630 _aबारा कथा.
700 _aकुसुमाग्रज (शिरवाडकर वि.वा.).
730 _aबारा कथा.
942 _cBOOK
999 _c1297691
_d1297688